000 00568nam a2200169Ia 4500
005 20250508152118.0
008 008 250505s9999 xx 000 0 eng d
037 _aTextual
040 _aFEDL
_beng
_cFEDL
041 _aeng
_2eng
084 _a373.24602, DEL
_qFEDL
245 0 _aProspectus of the higher secondary technical examination, 1959 (three-year course) of the board of higher secondary education
260 _aDelhi, India
_bHigher Secondary Education
300 _a37p.
942 _cTEXL
_h373.24602, DEL
999 _c1334314
_d1334314